Chính sách quản lý rủi ro trong bảo hiểm nông nghiệp ở Tây Ban Nha /

Enregistré dans:
Détails bibliographiques
Auteur principal: Đặng Minh Đức.
Autres auteurs: Lê Vân Nga.
Format: Article
Langue:Vietnamese
Sujets:
PPP
Tags: Ajouter un tag
Pas de tags, Soyez le premier à ajouter un tag!
Thư viện lưu trữ: Thư viện Trường Đại học Đà Lạt
LEADER 00910nam a2200301 4500
001 DLU180183896
005 ##20180313
040 # # |a DLU  |b vie 
041 # # |a vie 
044 # # |a vn 
100 # # |a Đặng Minh Đức. 
245 # # |a Chính sách quản lý rủi ro trong bảo hiểm nông nghiệp ở Tây Ban Nha /  |c Đặng Minh Đức, Lê Vân Nga. 
653 # # |a Bảo hiểm nông nghiệp  
653 # # |a Hợp tác công tư 
653 # # |a PPP 
653 # # |a Quản lý rủi ro 
653 # # |a Rủi ro 
653 # # |a Tây Ban Nha 
700 # # |a Lê Vân Nga. 
773 # # |t Nghiên cứu Châu Âu   |g Số 1(184), 2016, tr. 29-37 
920 # # |a Phòng Tạp chí -- Trung tâm Thông tin - Thư viện Trường Đại học Đà Lạt 
900 # # |a True 
911 # # |a Nguyễn Thị Thu Phương 
925 # # |a G 
926 # # |a A 
927 # # |a BB 
980 # # |a Thư viện Trường Đại học Đà Lạt